• 首页
  • 本馆介绍
  • 公告通知
  • 最新文献
  • 馆藏检索
  • 电子资源
  • 读者导购
  • 参考咨询
  • 我的图书馆
  • 登录
  • 详细信息显示
  • 放入我的书架
  • 预约/预借图书
  • 作者相关作品
  • 分类相关作品
  • 丛书相关作品
  • 出版社相关作品

书目信息

  • 表格格式
  • 工作单格式
  • 卡片格式
题名:
台湾高山族传说与风情
    
 
作者: 陈炜萍 搜集整理
分册: 下册  
出版信息: 福州   福建人民出版社  1983-1984
页数: 287页
开本: 19cm
丛书名: 民间文学丛书
单 册:
中图分类: I227.3
科图分类:
主题词: 民间故事-高山族--台湾--现代 , 高山族-民间故事--台湾--现代
电子资源:
ISBN:
000 00784nam2 2200277 45
001 0183002524
005 20040418133815.9
010    @dCNY0.70
091    @a10173.494
100    @a19950413d1983 em y0chiy0121 ea
101 0  @achi
102    @aCN@b350000
105    @ay z 000fy
106    @ar
200 10 @a台湾高山族传说与风情@h下册@Atai wan gao shan zu chuan shuo yu feng qing@f陈炜萍搜集整理
210    @a福州@c福建人民出版社@d1983-1984
215    @a287页@d19cm
225 2  @a民间文学丛书
410  0 @120010@a民间文学丛书
606    @a民间故事-高山族@y台湾@z现代
606    @a高山族-民间故事@y台湾@z现代
690    @aI227.3
701  0 @a陈炜萍@Achen wei ping@4搜集整理
801  0 @aCN@b上海图书馆@c20040418
801  2 @aCN@bNLC@c20040418
905    @dI227.3@e95:2
    
    台湾高山族传说与风情.下册/陈炜萍搜集整理.-福州:福建人民出版社,1983-1984
    287页;19cm.-(民间文学丛书)
    
    
    ISBN :CNY0.70
    
●
相关链接 在E读中查询图书 在五车中查询图书 在当当中查询图书 在豆瓣中查询图书


正题名:台湾高山族传说与风情     索取号:I227.3/95:2         预约/预借

序号 登录号 条形码 馆藏地/架位号 状态 备注
1 0110120   000754847   第二借阅区/ [索取号:I227.3/95:2] 在馆    
2 0110121   000754865   第二借阅区/ [索取号:I227.3/95:2] 在馆    
3 0110122   000754856   第一样本阅览室/ [索取号:I227.3/95:2] 在馆    
4 0176216   000754829   第二借阅区/ [索取号:I227.3/95:2] 在馆    
5 0176217   000754838   第二借阅区/ [索取号:I227.3/95:2] 在馆    
6 0176218   000754874   第二借阅区/ [索取号:I227.3/95:2] 在馆    
唐山师范学院图书馆 欢迎您!
大连网信软件有限公司© 版权所有